000 00378nam a22001577a 4500
005 20160627105528.0
008 160627b xxu||||| |||| 00| 0 eng d
041 _aeng
082 _b10260
100 _aArcharya, Dr. Devesh Kumar
_92871
245 _aBangla Shaityer Itihas(Bangla)
260 _bUnited Books Agency
300 _a1426
650 _aBangla
_92816
942 _cBK
999 _c4162
_d4161